Medaliści Serie A - Tabela Medalowa - Statystyki

Ogólne statystyki
  • Ten quiz został rozwiązany 47 razy
  • Średni wynik to 16 z 36
Statystyki odpowiedzi
Odpowiedź 1. 2. 3. % Poprawnych
3 A.C. Milan 19 16 18
100%
2 Internazionale Milano 20 16 15
100%
1 Juventus FC 36 21 12
100%
8 AS Roma 3 14 7
98%
9 SSC Napoli 3 8 11
98%
10 S.S. Lazio 2 6 7
95%
11 ACF Fiorentina 2 5 6
86%
6 Bologna FC 1909 7 4 3
81%
5 Torino FC 7 7 7
81%
23 Parma Calcio 1913 0 1 2
79%
33 SG Andrea Doria 0 0 2
76%
32 Atalanta BC 0 0 3
74%
13 UC Sampdoria 1 0 1
74%
4 Genoa CFC 9 4 2
71%
23 Udinese Calcio 0 1 2
71%
14 Hellas Verona 1 0 0
64%
25 Venezia FC 0 1 1
45%
12 Cagliari Calcio 1 1 0
38%
14 Spezia Calcio 1 0 0
33%
7 Pro Vercelli 1892 7 1 0
17%
19 US Livorno 1915 0 2 0
17%
26 AC Perugia Calcio 0 1 0
14%
19 L.R. Vicenza 0 2 0
14%
34 Modena FC 0 0 1
12%
26 Pisa SC 0 1 0
10%
34 Calcio Padova 0 0 1
7%
14 ASD Novese 1 0 0
5%
34 US Alessandria Calcio 1912 0 0 1
5%
26 AC Sampierdarenese 0 1 0
2%
19 Alba Roma 0 2 0
2%
14 FC Casale 1 0 0
2%
26 FC Torinese 0 1 0
2%
26 Fortitudo Roma 0 1 0
2%
19 Internazionale Torino 0 2 0
2%
18 US Milanese 0 2 1
2%
26 US Savoia 1908 0 1 0
2%
Nie znaleziono quizów pasujących do podanych kryteriów
Rozkład punktacji
Procent ludzi z każdym wynikiem
Percentyl według liczby udzielonych odpowiedzi
Twoja historia wyników
Nie rozwiązałeś tego quizu